| 000 | 00858nam a2200265Ia 4500 | ||
|---|---|---|---|
| 003 | OSt | ||
| 005 | 20241001150259.0 | ||
| 008 | 210716s2002 xx 000 0 und d | ||
| 020 | _a8120320301 | ||
| 040 | _cAIMIT LIBRARY | ||
| 041 | _aeng | ||
| 082 |
_a005.1332 _bAROG |
||
| 100 |
_aArora, Geetanjali. _9181091 |
||
| 245 |
_aC#: _bprofessional projects / _cBy Geetanjali Arora...[et.al]. |
||
| 250 | _a1st ed. | ||
| 260 |
_aNew Delhi : _bPrentice Hall of India PVt Ltd ; _c2002. |
||
| 300 |
_axxxii,919p. ; _bPB _c24 cm. |
||
| 650 |
_aCreating a customer maintenance project _9181092 |
||
| 650 |
_aCreating a mobile application _9181093 |
||
| 650 |
_aValidations and exception handling _9181094 |
||
| 700 |
_aBalasubramaniam. _9181095 |
||
| 700 |
_aAiaswamy _9181096 |
||
| 700 |
_aPandey, Nitin. _9181097 |
||
| 942 |
_2ddc _cBK _e1st ed. _k005.1332 AROG |
||
| 999 |
_c186206 _d186206 |
||